| 000 | 00734nam a22001937a 4500 | ||
|---|---|---|---|
| 999 |
_c8020 _d8020 |
||
| 008 | 250404b ||||| |||| 00| 0 eng d | ||
| 020 | _a978-84-10524-31-6 | ||
| 040 | _ccdmr | ||
| 100 |
_95000 _aCáceres Sevilla, Adela de |
||
| 245 |
_aHistoria de El Debate : _borigen y primera etapa de un gran periódico : desde 1911 hasta su clausura en 1936 / _cCáceres, Adela de; prólogo de Bieito Rubido |
||
| 250 | _aPrimera edición | ||
| 260 |
_aCórdoba: _bAlmuzara Universidad, _c2024 |
||
| 300 | _a683 p. | ||
| 490 | _aHistoria de las dinámicas sociales, culturales y políticas | ||
| 650 | 0 |
_93100 _aPremsa catòlica _ys. XX _zEspanya |
|
| 650 | 0 |
_93729 _aPremsa _xHistòria _zEspanya |
|
| 653 | _aDebate (diari) | ||
| 942 |
_2udc _cMON |
||